Population And Education (Record no. 29859)

MARC details
000 -LEADER
fixed length control field 00414nam a2200181Ia 4500
008 - FIXED-LENGTH DATA ELEMENTS--GENERAL INFORMATION
fixed length control field 220531s9999 xx 000 0 und d
041 ## - LANGUAGE CODE
Language code of text/sound track or separate title eng
082 ## - DEWEY DECIMAL CLASSIFICATION NUMBER
Item number NAR
100 ## - MAIN ENTRY--PERSONAL NAME
Personal name Narasaiah, M. L.
9 (RLIN) 51286
245 ## - TITLE STATEMENT
Title Population And Education
250 ## - EDITION STATEMENT
Edition statement 1ST
260 ## - PUBLICATION, DISTRIBUTION, ETC. (IMPRINT)
Name of publisher, distributor, etc. Discovery
Date of publication, distribution, etc. 2007
300 ## - PHYSICAL DESCRIPTION
Extent 150
542 ## - INFORMATION RELATING TO COPYRIGHT STATUS
Copyright holder 03-12-2007
650 ## - SUBJECT ADDED ENTRY--TOPICAL TERM
Topical term or geographic name as entry element Sociology
9 (RLIN) 51287
906 ## - LOCAL DATA ELEMENT F, LDF (RLIN)
d 2007-2008
Holdings
Withdrawn status Lost status Source of classification or shelving scheme Damaged status Not for loan Home library Current library Date acquired Vendor Cost, normal purchase price Total Checkouts Total Holds Full call number Barcode Date last seen Bill Date Koha item type Original Barcode
    Dewey Decimal Classification     Shri Siddhivinayak Mahila Mahavidyalaya Shri Siddhivinayak Mahila Mahavidyalaya 03/12/2007 Abhay 400.00   1 /NAR/B/10855 SSMM-BK-10855 06/08/2022 06/08/2022 Books 010010855